000 00454nam a22001697a 4500
001 10088
003 FISKH
005 20260407114433.0
008 260407b cb ||||| |||| 00| 0 eng d
040 _aFISKH
_bchi
_cFISKH
_dFISKH
082 _a598
100 _a啄木鸟
245 _a空中侦察兵 :
_bScouting in the air /
_cBy 啄木鸟
300 _a8 unnumbered pages :
_bcolor illustrations ;
_c20 cm .
942 _2ddc
_cBOOK
_n0
999 _c10088
_d10088